| 000 | 00379cam a22001097a 4500 | ||
|---|---|---|---|
| 008 | 180718b1969 xxu||||| |||| 00| 0 eng d | ||
| 082 | _aX2603x5442 B639 A | ||
| 245 |
_aThe Bombay building repairs and reconstruction board act,1969 _cGovt. of India |
||
| 260 |
_aBombay _bGovt. of India _c1969 |
||
| 440 | _aReplacement series No. xlvii | ||
| 650 | _aBuilding repairs and reconstruction | ||
| 999 |
_c414528 _d414528 |
||